000 00808nam a2200229 a 4500
001 40884
003 BD-RjUL
005 20211209053306.0
008 160511r19691966ii ||||| |||| 00| 0 ben d
020 _c: IRs 3.50
035 _a(BD-RjUL)41000
040 _aBD-RjUL
_bben
_cBD-RjUL
041 _aben
082 _223
_a891.441
_bMUK 1969
100 _aমুখোপাধ্যায়, সুভাষ
_9120911
245 _aকাল মধুমাস /
_cসুভাষ মখোপাধ্যায়
260 _aকলিকাতা :
_bভারবি,
_c১৯৬৬ [পুণমুদ্রণ ১৯৬৯]
300 _a৮৭ পৃ. ;
_c২১ সেমি.
650 _aবাংলা কবিতা
_9125844
650 _aBengali Poetry
_9125845
942 _2ddc
_cBK
999 _c40884
_d40884